Λειτουργία των κοιλιακών και ραχιαίων μυών : ηλεκτομυογραφία, κινησιολογία, τέστ, ασκήσεις, κακώσεις, πρόληψη

Saved in:
Bibliographic Details
Main Author: Μανδρούκας, Κωνσταντίνος
Format: Book
Language:Greek
Published: Θεσσαλονίκη : Μπαχαρίδη, 1992
Subjects:
Tags: Add Tag
No Tags, Be the first to tag this record!

MARC

LEADER 00000nam a2200000 i 4500
001 1/99608
008 950403s1992 gre d
035 |l 10011373 
040 |a GR-MY-UA  |b gre  |e aacr 
041 0 |a gre 
082 0 |a 796.44 
100 1 |a Μανδρούκας, Κωνσταντίνος. 
245 1 0 |a Λειτουργία των κοιλιακών και ραχιαίων μυών :  |b ηλεκτομυογραφία, κινησιολογία, τέστ, ασκήσεις, κακώσεις, πρόληψη /  |c Κωνσταντίνος Μανδρούκας 
260 |a Θεσσαλονίκη :   |b Μπαχαρίδη,   |c 1992 
300 |a 234 σ. 
650 0 0 |a Abdominal wall. 
650 0 0 |a Thoracic vertebrae. 
650 0 0 |a Muscles. 
852 |a INST  |b LESVOS  |e 19950403  |h 796.44 ΜΑΝ  |p 005100001959  |q 005100001959  |t BK  |y 0 
909 |a Λ  |b 035171 
922 |a 1ΕΛΗ  |b 199403  |c ΠΑΠΑΖΟΓΛΟΥ